| 000 | 00762nam a2200217Ia 4500 | ||
|---|---|---|---|
| 999 |
_c35990 _d35990 |
||
| 001 | 1889 | ||
| 003 | GE_BSU | ||
| 005 | 20221006144258.0 | ||
| 008 | 181216s2007ru xx |||||||||||||| ||rus|| | ||
| 020 | _a5911311739 | ||
| 040 | _cGE_BSU | ||
| 041 | _arus | ||
| 080 | _a347.961(075.8)(035) Н-85 | ||
| 245 |
_aНотариат. Справочник / _cАвт-состав И.И. Москаленко. |
||
| 264 |
_aМосква : _bТорговая Корпорауия ,,Дашков и "К, _c2007. |
||
| 300 |
_a592 с. : _b20 см. |
||
| 653 | _aНотариат. Справочник | ||
| 653 | _aნოტარიუსები ცნობარი | ||
| 700 |
_aМоскаленко, И.И _eშემდგენელი _915100 |
||
| 942 |
_cBK _2udc |
||